000 00634cam a22002173a 4500
001 45672
003 PGUSA
005 20140828084046.0
008 140517s2014||||xxu|||||s|||||000 | eng d
040 _aPGUSA
_beng
042 _adc
100 1 _aMörike, Eduard,
_d1804-1875
245 1 0 _aAus der Jugendzeit :
_bHistorie von der schönen Lau
_h[electronic resource] /
_cEduard Mörike
260 _bProject Gutenberg,
_c2014
506 _aPublic domain in the USA.
516 _aElectronic text
700 1 _aStassen, Franz
830 0 _aProject Gutenberg
_v45672
856 4 0 _uhttp://www.gutenberg.org/ebooks/45672
942 _cEB
999 _c274922
_d274922